Представление документа в формате RUSMARC

ПолеНазваниеЗначение
  Тип записи a
  Библиографический уровень a
001 Контрольный номер 8fb86995cc4e49dc9e59fb958b9be239
005 Дата корректировки 20140506180929.8
200 Заглавие и сведения об ответственности __
a Заглавие Учащаяся молодежь и наркотики
461 Уровень набора _0
1 2001
a Социс
463 Уровень физической единицы _0
1 200
v С.86-91
1 210
d 2004. - №1
610 Ключевые слова __
a Ключевые слова наркотики; наркомания; учащаяся молодежь; торговля наркотиками; социологическое исследование; наркотизация населения
686 Индексы других классификаций __
a Классификационный индекс 60.54
700 Автор __
a Фамилия Реутов
b Имя Е.В.
901 Тип документа __
t Тип документа b
938 Служебная информация __
a Название организации Волгоградский филиал
b Имя БД Статьи ВКИ
c Название АИБС АИБС МАРК-SQL